Body Language (Record no. 84753)

MARC details
000 -LEADER
fixed length control field 00526nam a2200205Ia 4500
005 - DATE AND TIME OF LATEST TRANSACTION
control field 20251113154211.0
008 - FIXED-LENGTH DATA ELEMENTS--GENERAL INFORMATION
fixed length control field 230125s9999 xx 000 0 und d
020 ## - INTERNATIONAL STANDARD BOOK NUMBER
International Standard Book Number 81-219-2550-9
041 ## - LANGUAGE CODE
Language code of text/sound track or separate title eng
082 ## - DEWEY DECIMAL CLASSIFICATION NUMBER
Classification number 158.1
Item number VER
100 ## - MAIN ENTRY--PERSONAL NAME
Author Verma S
245 ## - TITLE STATEMENT
Title Body Language
Remainder of title Your Success Mantra
260 ## - PUBLICATION, DISTRIBUTION, ETC.
Date of publication, distribution, etc. 2006
Name of publisher, distributor, etc. S Chand & Sons
Place of publication, distribution, etc. New Delhi
300 ## - PHYSICAL DESCRIPTION
Extent 173p
500 ## - GENERAL NOTE
Keywords Personality Development,
650 ## - SUBJECT ADDED ENTRY--TOPICAL TERM
Topical term or geographic name entry element Personality Development
700 ## - ADDED ENTRY--PERSONAL NAME
Personal name Verma S
942 ## - ADDED ENTRY ELEMENTS (KOHA)
Koha item type Books
906 ## - LOCAL DATA ELEMENT F, LDF (RLIN)
b 50
Holdings
Withdrawn status Lost status Damaged status Not for loan Home library Current library Date acquired Vendor Net Price Bill number Total Checkouts Full call number Barcode Date last seen Date last checked out Actual Price Bill Date Koha item type Original Barcode
        Smt. Hiraben Nanavati Institute of Management & Research for Women Smt. Hiraben Nanavati Institute of Management & Research for Women 10/10/2006 Pritam Book Centre 250.00 3449 2 158.1 VER B05570 HIMR-BK-5570 02/12/2025 25/11/2025 200.00 10/10/2006 Books B05570